Представление документа в формате RUSMARC

ПолеНазваниеЗначение
  Тип записи a
  Библиографический уровень m
001 Контрольный номер RU/ГПНТБ России/IBIS/30/К 44-623304873
005 Дата корректировки 20260428142441.6
010 Индекс ISBN __
a ISBN 978-5-17-165130-5
b Уточнения в пер.
9 Тираж 3000
100 Данные общей обработки __
a Данные общей обработки 20260428d2025 c y0rusy0250 ca
101 Язык документа 0_
a Язык текста rus
102 Страна публикации __
a Страна публикации RU
105 Кодированные данные (монография) __
a Кодированные данные (монография) a z 000yy
181 Поле кодированных данных: вид содержания _0
a Код вида содержания (ISBD) i
182 Поле кодированных данных: тип средства _0
a Код типа средства (ISBD) n
200 Заглавие и сведения об ответственности 1_
a Заглавие Двадцать историй про технику
e Сведения, относящиеся к заглавию [для младшего школьного возраста]
f Первые сведения об ответственности Александр Киселев
g Последующие сведения об ответственности рисунки Виктории Китавиной
203 Вид содержания и тип средства __
c Тип средства непосредственный
a Вид содержания Текст
210 Выходные данные 1_
a Место издания Москва
c Издательство АСТ
c Издательство Аванта
d Дата издания 2025
215 Физическое описание __
a Объем 43, [5] с.
c Иллюстрации/тип воспроизводства цв. ил.
d Формат 22 см
225 Серия 2_
a Серия Серия "20 историй про..."
333 Примечание о целевом назначении __
a Примечание о целевом назначении информационная продукция для детей, достигших возраста шести лет
333 Примечание о целевом назначении __
a Примечание о целевом назначении для детей младшего возраста, 5-10 лет
512 Заглавие обложки 1_
a Заглавие обложки 20 историй про технику
517 Другие варианты заглавия 1_
a Другие варианты заглавия 20 историй про...
532 Расширенное заглавие 1_
a Расширенное заглавие Двадцать историй про...
606 Тематические рубрики __
a Основная рубрика Детские книги
x Основная подрубрика Познавательная литература
x Основная подрубрика Наука и техника
2 Код системы nlr_sh
686 Индексы других классификаций __
2 Код системы rubbk
a Классификационный индекс 30
700 Автор _1
a Фамилия Киселев
b Имя А. К.
g Полное личное имя Александр Константинович
4 Код отношения 070
702 Вторичная интеллектуальная ответственность _1
a Фамилия Китавина
b Имя В. И.
g Полное личное имя Виктория И.
4 Код отношения 440
801 Источник записи _0
b Организация ГПНТБ России
a Страна RU
c Дата составления 20260428
801 Источник записи _1
b Организация ГПНТБ России
a Страна RU
c Дата составления 20260428
852 Данные о местонахождении 5_
a Наименование организации ГПНТБ России
m Суффикс шифра хранения 1128047
b Сигла хранения ЦГБ
p Инвентарный номер RU
899 Данные о местонахождении __
a Местонахождение ГПНТБ России
p Штрих-код 1128047
b Место хранения ЦГБ
h Классификационная часть РШ 30
i Авторский знак К 44
901 Тип документа __
a Ответственный заим.